| 000 | 00939nam a22002535i 4500 | ||
|---|---|---|---|
| 001 | 159663 | ||
| 003 | ES-MaACL | ||
| 005 | 20250920063105.0 | ||
| 008 | 990225s1877 fr |||| | fre d | ||
| 040 |
_aCCPB | B _bspa _cCCPB | B |
||
| 100 | 1 |
_aMill, John Stuart, _d1806-1873 _981119 |
|
| 245 | 1 | 3 |
_aLe gouvernement représentatif / _cpar John-Stuart Mill ; traduit et précédé d´une introduction par M. Dupont-White. |
| 250 | _aTroisième édition. | ||
| 260 |
_aParis : _bGuillaumin et Cie., Éditeurs, _c1877. |
||
| 300 |
_aXLVIII, 456 p. ; _c18 cm. |
||
| 490 | 1 | _aBibliothèque des sciences morales et politiques | |
| 597 | _aAntep. | ||
| 650 | 4 |
_aGobierno representativo. _9138674 |
|
| 700 | 1 |
_aDupont-White, Charles ( _d1807-1878) _9126877 |
|
| 830 | 0 |
_aBibliothèque des sciences morales et politiques _9188209 |
|
| 852 |
_aES-MaACL _jD-4633 _z-- Enc. hol. |
||
| 999 |
_c159663 _d159663 |
||